000 01669nam0a2200349 4500
001 RU\NLR\BIBL_A\022362337
005 20260420020329.0
010 _a978-5-907648-86-9
_9200
021 _aRU
_bАЛ-П-24-00561и
_9АЛ-П-24-0120
035 _a(NLR Aleph) 022362337
090 _a13668265
_c13668265
100 _a20241024d2024 u y0rusy50 ca
101 0 _arus
102 _aRU
105 _aac z 000yy
181 0 _ab3
_bxb2e
181 0 _ai1
_bxxxe
182 0 _an
200 1 _aДуховно-православный центр "Вятский Посад"
_e[фотоальбом
_fответственный редактор: В. А. Данилов]
203 _aИзображение
_aТекст
_bвизуальные
_cнепосредственные
210 _aПос. Северный, Белгородская обл.
_cКонстанта
_d2024
215 _a369, [3] с.
_cцв. ил., портр.
_d27×29
601 0 2 _a"Вятский Посад", духовно-православный центр
_cОрловская область
_jФотоальбомы
_2nlr_sh2
_3RU\NLR\AUTH\6601747436
686 2 _aЭ372.24-39(2Р-4Орл)-605я61
702 1 _aДанилов
_bВ. А.
_cобщественный деятель
_gВиталий Александрович
_3RU\NLR\AUTH\770273971
_4340
712 0 2 _4280
_a"Вятский Посад", духовно-православный центр
_cОрловская обл.
_9812860
_3RU\NLR\AUTH\880573323
942 _cBOOK
980 _aNB